Entlehnungen aus anderen Fremdsprachen ins Deutsche bakalárska práca

Saved in:
Bibliographic Details
Main Author: Zábojníková, Marta
Corporate Author: Fakulta aplikovaných jazykov EU v Bratislave. Katedra jazykovedy a translatológie
Other Authors: Pospíšilová, Jana, 1950-
Format: Book
Language:German
Published: Bratislava 2017
Tags: Add Tag
No Tags, Be the first to tag this record!

MARC

LEADER 00000nbm a2200000 4500
001 0233641
005 20180213110801.2
041 0 |a ger 
044 |a SK 
245 1 0 |a Entlehnungen aus anderen Fremdsprachen ins Deutsche  |b bakalárska práca  |c Marta Zábojníková ; školiteľ: Jana Pospíšilová 
264 1 |a Bratislava  |c 2017 
300 |a 52 s. 
100 1 |a Zábojníková, Marta 
700 1 |a Pospíšilová, Jana, 1950- 
710 2 |a Fakulta aplikovaných jazykov EU v Bratislave. Katedra jazykovedy a translatológie